000 01317nam a2200241Ia 4500
999 _c53853
_d53853
001 20904
003 GE_BSU
005 20210615171401.0
008 181216s2017||||ge |||||||||||||| ||geo||
020 _a9789941935428
040 _cGE_BSU
041 _ageo
080 _a342.9(479.22)(094.4) ს-32
245 _aსაქართველოს ორგანული კანონი = ადგილობრივი თვითმმართველობის კოდექსი 2017 წლის 30აპრილის მდგომარეობით.
264 _aთბილისი :
_bიურისტების სამყარო,
_c2017.
300 _a162 გვ. ;
_c21სმ.
541 _h2ლ.30თ.
653 _aКодекс местного самоуправления
653 _aსამართალი
653 _aსაქართველოს ადგილობრივი თვითმმართველობის კოდექსი
653 _aტექსტი რედაქტირებულია სსიპ " საქართველოს საკანონმდებლო მაცნეს" ოფიციალურ მასალებზე დაყრდნობით
942 _cBK
_2udc